Aprender a formar niños lectores y escritores : talleres de formación docente /
Guardado en:
| Autor Principal: | |
|---|---|
| Otros Autores: | |
| Formato: | Libro |
| Publicado: |
Chile :
Unesco/dolmen,
1997
|
| Series: | Educación
|
| Materias: | |
| Etiquetas: |
Agregar Etiqueta
Sin Etiquetas, Sea el primero en etiquetar este registro!
|
| LEADER | 00937nam a22002535a 4500 | ||
|---|---|---|---|
| 001 | CEM.cems009629 | ||
| 005 | 20080725122542.0 | ||
| 008 | 130507s1997##################000#0#####d | ||
| 003 | CEMS | ||
| 020 | |a 9562012700 | ||
| 082 | 0 | 4 | |a 372.6 |
| 100 | 1 | |a Inostroza De Celis, Gloria | |
| 245 | 1 | 0 | |a Aprender a formar niños lectores y escritores : |b talleres de formación docente / |c Gloria Inostroza de Celis, Josette Jolibert |
| 260 | |a Chile : |b Unesco/dolmen, |c 1997 | ||
| 300 | |a 286 p. | ||
| 490 | 0 | |a Educación | |
| 500 | |a Red Federal de Formación Docente Continua | ||
| 505 | 0 | |a En que consiste aprender a leer y escribir? -- Organizar el aula para leer y escribir -- Cómo practicar la metacognición? | |
| 653 | |a Educación | ||
| 653 | |a Didáctica de la lectura | ||
| 653 | |a Didáctica del lenguaje | ||
| 653 | |a Educación preescolar | ||
| 700 | 1 | |a Jolibert, Josette | |
| 859 | |a CEMS |b BIB. CEMS - 11 de abril |h 372.6 |i In7 |p 19831.98 |t Ej.1 | ||
